000 01185nam a22002777a 4500
001 BD-DhSAU 8631
003 BD-DhSAU
005 20190109094152.0
008 150612b2009 bg a|||| m||| 00| 0 eng d
040 _aBD-DhSAU
082 _222
_a571.92
_bUd2
100 _aUddin, Md Gazi Salah
_eRegistration no. # 03-01083
245 _aStudies on yield loss and management of bakanae disease in seed bed /
_bMS thesis
_cMd Gazi Salah Uddin
260 _aSher-e-Bangla Agricultural Uniersity :
_bDepartment of Plant Pathology,
_c2009.
300 _aviii, 76 p. :
_bill. ;
_c30 cm.
500 _aMS thesis of Department of Plant Pathology, Faculty of Agriculture, Sher-e-Bangla Agricultural University, Dhaka, Bangladesh
504 _aIncludes bibliographical reference.
590 _aerfat
650 _aPlant Pathology
650 _aStudies on yield loss and management
650 _aBakanae disease in seed bed
700 _aLatif, M A
_eSuperviser
700 _aIslam, Md Rafiqul
_eCo-superviser
856 _uhttp://archive.saulibrary.edu.bd:8080/xmlui/handle/123456789/101
942 _2ddc
_cTHESIS
999 _c8631
_d8631